<?xml version="1.0" encoding="UTF-8"?>
<record
    xmlns:xsi="http://www.w3.org/2001/XMLSchema-instance"
    xsi:schemaLocation="http://www.loc.gov/MARC21/slim http://www.loc.gov/standards/marcxml/schema/MARC21slim.xsd"
    xmlns="http://www.loc.gov/MARC21/slim">

  <leader>01607nam a2200385 i 4500</leader>
  <datafield tag="999" ind1=" " ind2=" ">
    <subfield code="c">7311</subfield>
    <subfield code="d">7311</subfield>
  </datafield>
  <controlfield tag="001">.b74744690</controlfield>
  <controlfield tag="003">OSt</controlfield>
  <controlfield tag="005">20210218183110.0</controlfield>
  <controlfield tag="008">201209e202010  spcad||| |||| 000 0 spa|c</controlfield>
  <datafield tag="017" ind1=" " ind2=" ">
    <subfield code="a">DL B 18023-2020</subfield>
    <subfield code="b">Biblioteca de Catalunya</subfield>
  </datafield>
  <datafield tag="020" ind1=" " ind2=" ">
    <subfield code="a">9788418193910</subfield>
  </datafield>
  <datafield tag="040" ind1=" " ind2=" ">
    <subfield code="a">ES-BaUAB</subfield>
    <subfield code="b">cat</subfield>
    <subfield code="e">rda</subfield>
    <subfield code="c">ES-BaUAB</subfield>
  </datafield>
  <datafield tag="080" ind1=" " ind2=" ">
    <subfield code="a">07</subfield>
  </datafield>
  <datafield tag="245" ind1="0" ind2="0">
    <subfield code="a">Periodismo y nuevos medios :</subfield>
    <subfield code="b">perspectivas y retos /</subfield>
    <subfield code="c">Joaqu&#xED;n Sotelo Gonz&#xE1;lez, Santiago Mart&#xED;nez Arias (coords.) ; comit&#xE9; cient&#xED;fico: profesor Jorge Lozano Hern&#xE1;ndez, profesora Mar&#xED;a Luisa del Pozo Lite, profesor Fernando Jos&#xE9; Quir&#xF3;s Fern&#xE1;ndez</subfield>
  </datafield>
  <datafield tag="250" ind1=" " ind2=" ">
    <subfield code="a">Primera edici&#xF3;n</subfield>
  </datafield>
  <datafield tag="264" ind1=" " ind2="1">
    <subfield code="a">Barcelona :</subfield>
    <subfield code="b">Gedisa Editorial,</subfield>
    <subfield code="c">octubre de 2020</subfield>
  </datafield>
  <datafield tag="300" ind1=" " ind2=" ">
    <subfield code="a">411 p&#xE0;gines :</subfield>
    <subfield code="b">il&#xB7;lustracions, gr&#xE0;fics ;</subfield>
    <subfield code="c">23 cm</subfield>
  </datafield>
  <datafield tag="336" ind1=" " ind2=" ">
    <subfield code="a">text</subfield>
    <subfield code="b">txt</subfield>
    <subfield code="2">rdacontent</subfield>
  </datafield>
  <datafield tag="337" ind1=" " ind2=" ">
    <subfield code="a">sense mediaci&#xF3;</subfield>
    <subfield code="b">n</subfield>
    <subfield code="2">rdamedia</subfield>
  </datafield>
  <datafield tag="338" ind1=" " ind2=" ">
    <subfield code="a">volum</subfield>
    <subfield code="b">nc</subfield>
    <subfield code="2">rdacarrier</subfield>
  </datafield>
  <datafield tag="490" ind1="1" ind2=" ">
    <subfield code="a">Comunicaci&#xF3;n ;</subfield>
    <subfield code="v">93</subfield>
  </datafield>
  <datafield tag="650" ind1="0" ind2="4">
    <subfield code="a">Periodisme</subfield>
    <subfield code="x">Innovacions tecnol&#xF2;giques</subfield>
  </datafield>
  <datafield tag="650" ind1="0" ind2="4">
    <subfield code="a">Premsa audiovisual</subfield>
  </datafield>
  <datafield tag="650" ind1="0" ind2="4">
    <subfield code="a">Periodisme de dades</subfield>
  </datafield>
  <datafield tag="700" ind1="1" ind2=" ">
    <subfield code="a">Sotelo Gonz&#xE1;lez, Joaqu&#xED;n,</subfield>
    <subfield code="e">coordinador</subfield>
  </datafield>
  <datafield tag="700" ind1="1" ind2=" ">
    <subfield code="a">Mart&#xED;nez Arias, Santiago M.,</subfield>
    <subfield code="e">coordinador</subfield>
  </datafield>
  <datafield tag="700" ind1="1" ind2=" ">
    <subfield code="a">Lozano, Jorge,</subfield>
    <subfield code="e">assessor</subfield>
  </datafield>
  <datafield tag="700" ind1="1" ind2=" ">
    <subfield code="a">Pozo Lite, Marisa del,</subfield>
    <subfield code="e">assessor</subfield>
  </datafield>
  <datafield tag="700" ind1="1" ind2=" ">
    <subfield code="a">Quir&#xF3;s Fern&#xE1;ndez, Fernando,</subfield>
    <subfield code="e">assessor</subfield>
  </datafield>
  <datafield tag="710" ind1="2" ind2=" ">
    <subfield code="a">Universidad Complutense de Madrid.</subfield>
    <subfield code="b">Departamento de Periodismo y Nuevos Medios,</subfield>
    <subfield code="e">entitat patrocinadora</subfield>
  </datafield>
  <datafield tag="830" ind1=" " ind2="0">
    <subfield code="a">Comunicaci&#xF3;n (Editorial Gedisa) ;</subfield>
    <subfield code="v">93</subfield>
  </datafield>
  <datafield tag="907" ind1=" " ind2=" ">
    <subfield code="a">.b74744690</subfield>
    <subfield code="b">09-12-20</subfield>
    <subfield code="c">09-12-20</subfield>
    <subfield code="d">03-11-20</subfield>
    <subfield code="e">m</subfield>
    <subfield code="f">a  </subfield>
    <subfield code="g">-</subfield>
    <subfield code="h">spa</subfield>
    <subfield code="i">spc</subfield>
    <subfield code="j">0</subfield>
    <subfield code="k">0</subfield>
  </datafield>
  <datafield tag="940" ind1=" " ind2=" ">
    <subfield code="a">UAB</subfield>
  </datafield>
  <datafield tag="942" ind1=" " ind2=" ">
    <subfield code="2">udc</subfield>
    <subfield code="c">MON</subfield>
  </datafield>
  <datafield tag="952" ind1=" " ind2=" ">
    <subfield code="0">0</subfield>
    <subfield code="1">0</subfield>
    <subfield code="4">0</subfield>
    <subfield code="7">0</subfield>
    <subfield code="a">CDMR</subfield>
    <subfield code="b">CDMR</subfield>
    <subfield code="d">2021-02-18</subfield>
    <subfield code="g">28.00</subfield>
    <subfield code="l">0</subfield>
    <subfield code="o">Cc 3/46</subfield>
    <subfield code="p">CDMR21020007</subfield>
    <subfield code="r">2021-02-18</subfield>
    <subfield code="w">2021-02-18</subfield>
    <subfield code="y">MON</subfield>
  </datafield>
</record>
